000 00407nam a22001457a 4500
020 _a81-224-0659-9
082 _a621.4021
_bRAO
_cL-NUST, P-50
100 _aRao, Y.V.C.
_941749
245 _aTheory and Practice of Thermodynamics.
260 _aIndia
_bWiley Eastern Limited.
300 _a423 p. :
_bill. :
_c10 Cm
526 _a0
_b0
_c0
_d621_402100000000000_RAO
650 _aNUST
_96342
942 _2ddc
_cBK
999 _c545789
_d545789